| 000 | 00619nam 22002293 4500 | ||
|---|---|---|---|
| 001 | 201101 | ||
| 010 | _a972-41-1008-7 | ||
| 021 |
_aPT _b55950/92 |
||
| 090 | _a201101 | ||
| 100 | _a20260309d u||y0pory50 ba | ||
| 200 |
_aO Buda de Marfim _euma aventura no Oriente _fVitor Péon |
||
| 205 | _a1ª | ||
| 210 |
_aPorto _cEdições Asa _d1993 |
||
| 215 |
_a48 p. _cil. ; encadernado _d30 cm |
||
| 225 | _aClássicos da BD Portuguesa | ||
| 606 |
_91586 _aDesenho Artístico |
||
| 610 | _aBanda Desenhada | ||
| 675 |
_a74 _vPT _zpor |
||
| 700 |
_916745 _aPéon _bVitor |
||
| 801 |
_aPT _bBMMN _gRPC |
||
| 830 | _cIsabel | ||
| 990 | _cLIVROS | ||